Normal view
MARC view
- ARTIFICIAL SATELLITE IN TELECOMMUNICATION DIRECT BROADCASTING SATELLITE TELEVISION
Entry Topical Term
001 - CONTROL NUMBER
- control field: 66698
003 - CONTROL NUMBER IDENTIFIER
- control field: NUST
005 - DATE AND TIME OF LATEST TRANSACTION
- control field: 20210628203640.0
008 - FIXED-LENGTH DATA ELEMENTS
- fixed length control field: 210628|| aca||aabn | a|a d
040 ## - CATALOGING SOURCE
- Original cataloging agency: NUST
- Transcribing agency: NUST
150 ## - HEADING--TOPICAL TERM
- Topical term or geographic name entry element: ARTIFICIAL SATELLITE IN TELECOMMUNICATION DIRECT BROADCASTING SATELLITE TELEVISION
670 ## - SOURCE DATA FOUND
- Source citation: Work cat.: (NUST): Wood, James 66697, Satellite communication and dbs systems, 1992
